[Event "6th Prospero A Pichay Cup"]
[Site "Manila PHI"]
[Date "2010.08.23"]
[Round "5"]
[White "Ghaem Maghami,E"]
[Black "Halay,T"]
[Result "1-0"]
[WhiteElo "2585"]
[BlackElo "2358"]

1.e4 c5 2.c3 Nf6 3.e5 Nd5 4.Nf3 e6 5.d4 cxd4 6.cxd4 b6 7.Bc4 Bb7 8.O-O Be7
9.Bxd5 exd5 10.Nc3 Na6 11.Nb5 O-O 12.Bf4 Bc6 13.Qb3 Nc7 14.Nxc7 Qxc7 15.Bg5 Bxg5
16.Nxg5 h6 17.Nf3 Qb7 18.Nh4 Qa6 19.Nf5 Kh7 20.Rfe1 Rae8 21.Qg3 g6 22.Nd6 Re6
23.a4 Qa5 24.Qa3 Qd2 25.Rad1 Qc2 26.Ra1 Kg7 27.b4 Qd2 28.Rad1 Qg5 29.b5 Ba8
30.Qg3 f6 31.f4 Qxg3 32.hxg3 a5 33.Rc1 Rd8 34.Rc7 Kf8 35.Rec1  1-0

[Event "6th Geller Memorial Open A"]
[Site "Odessa UKR"]
[Date "2010.08.23"]
[Round "3"]
[White "Kharchenko,B"]
[Black "Varchenko,G"]
[Result "1-0"]
[WhiteElo "2442"]
[BlackElo "2138"]

1.e4 c5 2.c3 Nf6 3.e5 Nd5 4.d4 cxd4 5.Nf3 e6 6.cxd4 d6 7.a3 Nc6 8.Bd3 Qc7
9.O-O dxe5 10.dxe5 Be7 11.Qe2 Bd7 12.Bd2 O-O-O 13.b4 Qb6 14.Nc3 Nd4 15.Nxd4 Qxd4
16.Nxd5 Qxd5 17.Bc4 Bb5 18.Bxb5 Qxd2 19.Qf3 Rhf8 20.Rad1 Qb2 21.Rxd8+ Bxd8
22.Ba6 bxa6 23.Qa8+ Kd7 24.Rd1+ Kc7 25.Qxa7+ Kc6 26.Qc5+  1-0

[Event "1st Fermo Festival"]
[Site "Porto San Giorgio ITA"]
[Date "2010.08.24"]
[Round "4"]
[White "Bellincampi,S"]
[Black "Bernardi,R"]
[Result "0-1"]
[WhiteElo "2047"]
[BlackElo "2212"]

1.e4 c5 2.c3 Nf6 3.e5 Nd5 4.Nf3 Nc6 5.d4 cxd4 6.cxd4 g6 7.Bc4 Nb6 8.Be2 Bg7
9.Bf4 Nd5 10.Bg3 O-O 11.O-O d6 12.exd6 exd6 13.Nc3 Nxc3 14.bxc3 Ne7 15.Qb3 b6
16.Qa3 Nf5 17.Bf4 h5 18.Bd3 d5 19.Rfe1 Bf6 20.Bxf5 Bxf5 21.Bd6 Re8 22.Rxe8+ Qxe8
23.Re1 Qb5 24.Qb3 Qxb3 25.axb3 Bc2 26.Nd2 Rc8 27.Re3 Rc6 28.Be5 Bg5 29.f4 Be7
30.Bb8 Ba3 31.Re8+ Kg7 32.c4 Bb2 33.Be5+ f6 34.cxd5 Rc3 35.Re7+ Kf8 36.Bxf6 Bf5
37.Rxa7 Rc1+ 38.Kf2 Rc2 39.d6 Rxd2+ 40.Kg3 Bxd4 41.Be7+ Ke8 42.Ra8+ Kd7 43.Ra7+ Ke6
44.Bf8 Rd3+ 45.Kh4 Bf6+  0-1

[Event "7th Open"]
[Site "Kalamaria GRE"]
[Date "2010.08.25"]
[Round "1"]
[White "Kesidis,O"]
[Black "Iotov,V"]
[Result "0-1"]
[WhiteElo "1980"]
[BlackElo "2581"]

1.e4 c5 2.c3 Nf6 3.e5 Nd5 4.d4 cxd4 5.cxd4 e6 6.Nf3 d6 7.Bc4 Nc6 8.O-O Be7
9.Qe2 O-O 10.Nc3 Nxc3 11.bxc3 dxe5 12.dxe5 Qa5 13.Qe4 Qa4 14.Bg5 h6 15.Bxe7 Nxe7
16.Bd3 Qxe4 17.Bxe4 Rb8 18.Rab1 b6 19.c4 Ba6 20.Rfc1 Rbc8 21.Rb4 Rfd8 22.h4 Rc7
23.Rc2 Rdc8 24.Bd3 Bb7 25.Re2 Nc6 26.Ra4 Na5 27.Nd2 Rd8 28.Re3 Rcd7 29.Ra3 Rd4
30.g3 g5 31.hxg5 hxg5 32.Nf3 Nxc4 33.Bxc4 Rxc4 34.Rxa7 Rd1+ 35.Kh2 Bd5 36.g4 Rxg4
37.Rc3 Rf1  0-1

[Event "6th Prospero A Pichay Cup"]
[Site "Manila PHI"]
[Date "2010.08.25"]
[Round "7"]
[White "Kulkarni,R"]
[Black "Nolte,R"]
[Result "1/2-1/2"]
[WhiteElo "2194"]
[BlackElo "2425"]

1.e4 c5 2.c3 Nf6 3.e5 Nd5 4.Bc4 Nb6 5.Bb3 Nc6 6.Nf3 d6 7.Qe2 c4 8.Bc2 Bg4
9.exd6 Qxd6 10.O-O Qf4 11.d4 Bxf3 12.gxf3 Qf6 13.Nd2 e6 14.Ne4 Qd8 15.Kh1 Qc7
16.b3 cxb3 17.axb3 a6 18.b4 Rd8 19.Bb3 Nd5 20.Bd2 Be7 21.Rg1 g6 22.Bh6 Bf8
23.Bg5 Be7 24.Bh6 Bf8 25.Bg5 Be7 26.Bh6  1/2-1/2

[Event "TCh-SRB 1st League"]
[Site "Vrnjacka Banja SRB"]
[Date "2010.08.25"]
[Round "5"]
[White "Pap,M"]
[Black "Carnic,S"]
[Result "1-0"]
[WhiteElo "2509"]
[BlackElo "2361"]

1.e4 c5 2.c3 Nf6 3.e5 Nd5 4.Nf3 e6 5.d4 cxd4 6.cxd4 d6 7.Bc4 Nc6 8.Qe2 Be7
9.O-O O-O 10.Rd1 Na5 11.Bd3 Nb4 12.exd6 Qxd6 13.Nc3 Nxd3 14.Qxd3 b6 15.Ng5 Bxg5
16.Ne4 Qd5 17.Nxg5 Qf5 18.Qxf5 exf5 19.Bd2 Nc4 20.Bb4 Rd8 21.b3 Nd6 22.Rac1 h6
23.Nh3 a5 24.Ba3 Nb5 25.Bb2 a4 26.d5 axb3 27.axb3 Ra2 28.Be5 Re2 29.Bc7 Nxc7
30.Rxc7 g5 31.f4 g4 32.Nf2 Ba6 33.Nh1 Re4 34.Ng3 Rxf4 35.d6 h5 36.Nxh5 Rb4
37.d7 Kh7 38.Re1 Kg6 39.Re8 Rxd7 40.Rxd7 Kxh5 41.Rxf7 Kg6 42.Ra7 Bd3 43.Re6+ Kg5
44.h4+ gxh3 45.Re8 Kh6 46.Rg8  1-0

[Event "46th Akiba Rubinstein Open A"]
[Site "Polanica Zdroj POL"]
[Date "2010.08.26"]
[Round "8"]
[White "Tomaszewska,L"]
[Black "Bielinski,D"]
[Result "1/2-1/2"]
[WhiteElo "1968"]
[BlackElo "2249"]

1.e4 c5 2.c3 Nf6 3.e5 Nd5 4.d4 cxd4 5.Nf3 e6 6.cxd4 d6 7.Nc3 Nxc3 8.bxc3 Qc7
9.Bd2 Nd7 10.exd6 Bxd6 11.Bd3 b6 12.O-O O-O 13.Qc2 g6 14.h4 Bb7 15.Ng5 e5
16.h5 Nf6 17.hxg6 hxg6 18.Ne4 Nxe4 19.Bxe4 Bxe4 20.Qxe4 exd4 21.cxd4 Rfe8
22.Qf3 Qc2 23.Be3 Qe4 24.Qxe4 Rxe4 25.Rac1 Rd8 26.Rfd1 Kf8 27.Bg5 Be7 28.Bh6+ Ke8
29.Be3 Kd7 30.g3 Rc8 31.Kg2 Rxc1 32.Rxc1 Bf6 33.Kf3 Re8 34.Bf4 Rc8  1/2-1/2

[Event "TCh-SRB 1st League"]
[Site "Vrnjacka Banja SRB"]
[Date "2010.08.26"]
[Round "6"]
[White "Carnic,S"]
[Black "Damljanovic,B"]
[Result "0-1"]
[WhiteElo "2361"]
[BlackElo "2541"]

1.e4 c5 2.c3 Nf6 3.e5 Nd5 4.d4 cxd4 5.Nf3 e6 6.cxd4 d6 7.Bc4 Nb6 8.Bd3 Bd7
9.O-O Bc6 10.Nc3 N8d7 11.Ne4 dxe5 12.dxe5 h6 13.Qe2 Nd5 14.a3 Qc7 15.Ng3 g6
16.h4 Bg7 17.Re1 Ne7 18.Bf4 Bd5 19.Rac1 Nc6 20.Be4 Nb6 21.Nd4 Nxd4 22.Rxc7 Nxe2+
23.Rxe2 O-O 24.Bd3 Bc6 25.Be4 Bd5 26.Bd3 Rfd8 27.Ne4 Bc6 28.Nd6 Nd5  0-1

[Event "Open"]
[Site "Bratto ITA"]
[Date "2010.08.27"]
[Round "8"]
[White "Godena,M"]
[Black "L'Ami,A"]
[Result "1-0"]
[WhiteElo "2548"]
[BlackElo "2315"]

1.e4 c5 2.c3 Nf6 3.e5 Nd5 4.Bc4 Nb6 5.Bb3 c4 6.Bc2 Nc6 7.Nf3 Qc7 8.Qe2 g5
9.Na3 g4 10.Nb5 Qb8 11.Nh4 Nxe5 12.O-O a6 13.Nd4 Nd5 14.f4 Nd3 15.Bxd3 cxd3
16.Qxg4 e6 17.b3 b5 18.Bb2 h5 19.Qf3 Bb7 20.c4 bxc4 21.bxc4 Rg8 22.Nb3 Be7
23.Na5 Bxh4 24.Nxb7 Qxb7 25.cxd5 Qxb2 26.dxe6 Qb6+ 27.Kh1 Qc6 28.exf7+ Kxf7
29.Qxh5+ Kf8 30.Rf3 Rc8 31.Qxh4 Rg6 32.Re1 Qc1 33.Re3 Re6 34.Rxe6 dxe6 35.Qf6+ Kg8
36.Qxe6+ Kh8 37.h3 Qc7 38.Re5  1-0

[Event "Centenary GM"]
[Site "Dun Laoghaire IRL"]
[Date "2010.08.27"]
[Round "7"]
[White "Manca,F"]
[Black "Rochev,Y"]
[Result "1/2-1/2"]
[WhiteElo "2356"]
[BlackElo "2395"]

1.e4 c5 2.c3 Nf6 3.e5 Nd5 4.d4 cxd4 5.Nf3 e6 6.cxd4 b6 7.Bd3 Bb7 8.Nc3 Na6
9.O-O Nab4 10.Be2 Be7 11.a3 Nxc3 12.bxc3 Nd5 13.Bd2 O-O 14.Qb1 Nc7 15.Bd3 Bxf3
16.gxf3 g6 17.Qc1 Rc8 18.Kh1 d6 19.f4 Qd7 20.Be4 f5 21.Bb7 Rb8 22.Bg2 Rfc8
23.a4 d5 24.Qb2 Kf7 25.Rfb1 a6 26.Bf1 Rg8 27.Bd3 Qc6 28.Qc1 Rgc8 29.Qf1 Ra8
30.Rb3 Rcb8 31.Qb1 Bd8 32.Kg1 Be7 33.Kh1 Rb7 34.Qf1 Rba7 35.Qb1 b5 36.Bc2 Qe8
37.Rb2 Rb7 38.Bd3 Rab8 39.axb5 axb5 40.Qf1 Qc6 41.Rab1 Qa6 42.Ra1 Qc6 43.Rab1 Qe8
44.Qe2 Qd7 45.Qf1 Qc6 46.Kg1 Qb6 47.Qe2 Qc6 48.Qf1 Rb6 49.Rb3 R8b7 50.Qe2 Qe8
51.Qf1 Qb8 52.R1b2 Qf8 53.Qb1 Qh6 54.Bxb5 Nxb5 55.Rxb5 Rxb5 56.Rxb5 Rxb5
57.Qxb5 Qh5 58.Qb1 Qg4+ 59.Kf1 Qf3 60.Kg1 h5 61.Qf1 Qg4+ 62.Kh1 Qf3+ 63.Kg1 Bf8
64.Be3 Be7 65.h3 Qe4 66.Kh2 Qc2 67.Qe1 Qd3 68.Bd2 Bh4 69.Kg2 Be7 70.Qe3 Qc2
71.Be1 Ba3 72.Bd2 Bb2 73.Kh2 Ba3 74.Kg2 Be7 75.Qe1 Ke8 76.Qe3 h4 77.Kh2 Kd7
78.Qe2 Qb2 79.Kg2 Kc7 80.Qd1 Qb5 81.Qa1 Kd7 82.Qa8 Qd3 83.Qa4+ Kd8 84.Qa8+ Kd7
85.Qa4+ Kd8  1/2-1/2

[Event "1st Campomanes Memorial Cup Open"]
[Site "Manila PHI"]
[Date "2010.08.28"]
[Round "1"]
[White "Ankit,R"]
[Black "Li Chao2"]
[Result "0-1"]
[WhiteElo "2362"]
[BlackElo "2629"]

1.e4 c5 2.c3 Nf6 3.e5 Nd5 4.Nf3 Nc6 5.Bc4 Nb6 6.Bb3 d5 7.exd6 c4 8.Bc2 e5
9.d4 cxd3 10.Qxd3 Qxd6 11.O-O Be6 12.Qxd6 Bxd6 13.Ng5 Bd5 14.Rd1 Be7 15.Be3 O-O-O
16.Nd2 h6 17.Ngf3 Be6 18.Bxb6 axb6 19.Bb3 Bxb3 20.Nxb3 b5 21.Kf1 b4 22.cxb4 Bxb4
23.Ke2 f5 24.Rxd8+ Rxd8 25.Rc1 Kd7 26.Ne1 Bd6 27.Nd3 b6 28.f3 Ra8 29.a3 Re8
30.g3 h5 31.Nf2 g5 32.Rd1 g4 33.Rd3 Ke6 34.Rc3 Ne7 35.Nd2 b5 36.Rb3 Nc6 37.Rc3 Nd4+
38.Kf1 b4 39.Rd3 Rc8 40.fxg4 hxg4 41.h3 Rc1+ 42.Kg2 Nc2 43.Rb3 Ne1+ 44.Kh2 Rc2  0-1

[Event "6th Geller Memorial Open A"]
[Site "Odessa UKR"]
[Date "2010.08.28"]
[Round "8"]
[White "Shchuka,Fedor"]
[Black "Ivanenko,O2"]
[Result "0-1"]
[WhiteElo "1944"]
[BlackElo "2103"]

1.e4 c5 2.c3 Nf6 3.e5 Nd5 4.d4 cxd4 5.Nf3 Nc6 6.Bc4 Nb6 7.Bb3 d5 8.exd6 Qxd6
9.O-O Be6 10.Bxe6 Qxe6 11.Nxd4 Nxd4 12.Qxd4 Rd8 13.Qf4 f6 14.Nd2 Qc6 15.Nf3 e5
16.Qg3 Kf7 17.Re1 Nc4 18.b3 Nd6 19.Bb2 Nf5 20.Qg4 Qc8 21.Rad1 Be7 22.h3 b5
23.Rc1 Bc5 24.c4 b4 25.Qe4 Rhe8 26.Red1 Ng3 27.Qe1 Qb8 28.Rxd8 Qxd8 29.Rd1 Qc7
30.Kh2 e4 31.Ng5+ fxg5 32.fxg3 Kg8 33.Qd2 e3 34.Qe2 Bd6 35.Qf3 e2 36.Re1 Rf8
37.Qd5+ Kh8 38.Qxg5 Re8 39.Bd4 Qf7 40.Qd2 Qf1 41.Bxa7 Be5 42.Qc1 Qxe1 43.Qxe1 Bc3
44.Bf2 Bxe1 45.Bxe1 Rf8 46.Bxb4 Rf1 47.c5 e1=Q 48.Bxe1 Rxe1 49.b4 Kg8 50.a4 Re4
51.b5 Rxa4 52.c6 Rc4  0-1

[Event "9th Georgiev-Kesarovski Mem"]
[Site "Sunny Beach BUL"]
[Date "2010.08.28"]
[Round "1"]
[White "Galunova,T"]
[Black "Spassov,L"]
[Result "0-1"]
[WhiteElo "1984"]
[BlackElo "2376"]

1.e4 c5 2.c3 Nf6 3.e5 Nd5 4.Nf3 e6 5.d4 cxd4 6.cxd4 d6 7.Nc3 Nxc3 8.bxc3 Qc7
9.Bd2 Nd7 10.exd6 Bxd6 11.Bd3 b6 12.O-O Bb7 13.h3 O-O 14.Ng5 Nf6 15.Qc2 h6
16.Ne4 Nxe4 17.Bxe4 Rac8 18.a4 Rfd8 19.a5 b5 20.Rfb1 Bxe4 21.Qxe4 a6 22.Qg4 Kf8
23.Re1 Be7 24.Qe4 Kg8 25.Qg4 Bf6 26.Re3 g6 27.Rf3 Bg7 28.Bf4 Qe7 29.Re1 b4
30.cxb4 Rxd4 31.Qg3 Qxb4 32.Be5 Qxe1+  0-1

[Event "Centenary IM"]
[Site "Dun Laoghaire IRL"]
[Date "2010.08.29"]
[Round "9"]
[White "Brady,S"]
[Black "Moskow,E"]
[Result "1-0"]
[WhiteElo "2376"]
[BlackElo "2193"]

1.e4 c5 2.c3 Nf6 3.e5 Nd5 4.d4 cxd4 5.Nf3 Nc6 6.Bc4 Nb6 7.Bb3 d5 8.exd6 Qxd6
9.O-O Be6 10.Bxe6 Qxe6 11.Nxd4 Nxd4 12.Qxd4 Rd8 13.Qh4 Qc4 14.Qxc4 Nxc4 15.b3 Ne5
16.Be3 a6 17.Bb6 Rd7 18.f4 Nd3 19.Na3 e5 20.Nc4 exf4 21.Rad1 f6 22.Bd4 Nc5
23.Rxf4 Be7 24.Nb6 Rd8 25.b4 Ne6 26.Re4 Nxd4 27.Rexd4 Rxd4 28.Rxd4 Bd8 29.Nc4 Ke7
30.Ne3 Ke6 31.Re4+ Kd7 32.c4 g6 33.Rd4+ Kc6 34.Kf2 Re8 35.g4 Bc7 36.h3 Be5
37.Rd3 Re7 38.Kf3 Rd7 39.b5+ axb5 40.cxb5+ Kc7 41.Nd5+ Kd8 42.Ke4 h6 43.a4 Ke8
44.a5 Kf7 45.Nb6 f5+ 46.gxf5 gxf5+ 47.Ke3 Bf4+ 48.Ke2 Rxd3 49.Kxd3 Ke6 50.a6 bxa6
51.bxa6 Bb8 52.Ke2 Kf7 53.Nc8 Kg6 54.Ne7+  1-0

[Event "17th IM"]
[Site "Graz AUT"]
[Date "2010.08.29"]
[Round "2"]
[White "Zelbel,P"]
[Black "Csiszar,C"]
[Result "1/2-1/2"]
[WhiteElo "2348"]
[BlackElo "2450"]

1.e4 c5 2.c3 Nf6 3.e5 Nd5 4.Nf3 e6 5.d4 cxd4 6.cxd4 d6 7.Bc4 Nb6 8.Bd3 Nc6
9.O-O Nb4 10.Bg5 Be7 11.Bxe7 Qxe7 12.Nc3 dxe5 13.dxe5 Nxd3 14.Qxd3 Bd7 15.Nd4 O-O
16.Rfd1 Rfd8 17.Qf3 Be8 18.Rac1 Rac8 19.Ndb5  1/2-1/2

[Event "1st Campomanes Memorial Cup Open"]
[Site "Manila PHI"]
[Date "2010.08.30"]
[Round "4"]
[White "Causo,D"]
[Black "Kotanjian,T"]
[Result "0-1"]
[WhiteElo "2289"]
[BlackElo "2551"]

1.e4 c5 2.c3 Nf6 3.e5 Nd5 4.d4 cxd4 5.Nf3 Nc6 6.cxd4 d6 7.Bc4 Nb6 8.Bb5 dxe5
9.Nxe5 Bd7 10.Bxc6 Bxc6 11.Nxc6 bxc6 12.O-O e6 13.Qg4 h5 14.Qf3 Qd5 15.Qd3 Be7
16.Nc3 Qd7 17.Rd1 O-O 18.Qf3 g6 19.Bh6 Rfc8 20.Rac1 Nd5 21.Ne4 Rab8 22.b3 Qd8
23.Nd2 c5 24.dxc5 Bxc5 25.Nc4 Qf6 26.Qxf6 Nxf6 27.Bf4 Ra8 28.Nd6 Bxd6 29.Bxd6 Nd5
30.Bc5 a5 31.Kf1 g5 32.Rd4 Kh7 33.Rdc4 Kg6 34.g3 g4 35.Ke2 Rcb8 36.R1c2 Rb5
37.Ba3 Kf5 38.Bb2 a4 39.Rxa4 Rxa4 40.bxa4 Rb6 41.a5 Ra6 42.a3 Rxa5 43.Kd3 Ra8
44.Bc1 h4 45.Rc4 h3 46.Kc2 e5 47.Kb3 Rb8+ 48.Kc2 Nb6 49.Rb4  0-1

[Event "TCh-SRB 1st League"]
[Site "Vrnjacka Banja SRB"]
[Date "2010.08.30"]
[Round "10"]
[White "Budimir,D"]
[Black "Stankovic,Milo"]
[Result "0-1"]
[WhiteElo "2182"]
[BlackElo "2331"]

1.e4 c5 2.c3 Nf6 3.e5 Nd5 4.d4 cxd4 5.Qxd4 e6 6.Nf3 Nc6 7.Qe4 b6 8.Bd3 Bb7
9.Bg5 Qc7 10.O-O Nde7 11.Qe2 Ng6 12.Re1 d6 13.exd6 Bxd6 14.Nbd2 O-O 15.h4 Nce5
16.Nxe5 Nxe5 17.Be4 Bxe4 18.Nxe4 Ng6 19.Rad1 Be5 20.g3 h6 21.h5 Ne7 22.Bc1 Rad8
23.Nd2 Bd6 24.Nc4 Qc6 25.Nxd6 Rxd6 26.Rxd6 Qxd6 27.Rd1 Qc6 28.c4 Nf5 29.b3 Qc5
30.Bf4 Re8 31.g4 Nd4 32.Qe4 e5 33.Bxe5 Qxe5 34.Qxd4 Qe2 35.Rd2 Qf3 36.Rd1 Re4
37.Qd8+ Kh7 38.Qd2 Qxg4+ 39.Kf1 f5 40.Re1 Rf4 41.Qe3 Qh4 42.f3 Qh2 43.Re2 Qh1+
44.Kf2 Rh4 45.Qe6 Rh2+ 46.Ke3 Qc1+ 47.Kd3 Qd1+ 48.Kc3 Rxe2 49.Qxf5+ Kg8 50.Qc8+ Kf7
51.Qc7+ Re7  0-1

[Event "TCh-SRB 1st League"]
[Site "Vrnjacka Banja SRB"]
[Date "2010.08.30"]
[Round "10"]
[White "Podinic,V"]
[Black "Perunovic,Mil"]
[Result "1/2-1/2"]
[WhiteElo "2400"]
[BlackElo "2558"]

1.e4 c5 2.c3 Nf6 3.d3 Nc6 4.f4 d6 5.Nf3 g6 6.g3 Bg7 7.Bg2 O-O 8.O-O Bg4 9.h3 Bxf3
10.Qxf3 Nd7 11.Na3 a6 12.Nc2 b5 13.Be3 Rc8 14.Qf2 Nb6 15.Rab1 a5 16.a3 Qc7
17.Rfd1 Na4 18.Ne1 b4 19.Qc2 Nb6 20.Nf3 Qd7 21.Bf2 Rb8 22.Kh2 Rfc8 23.Qd2 Qe8
24.axb4 cxb4 25.Ra1 bxc3 26.bxc3 a4 27.Bxb6 Rxb6 28.Rxa4 Ne5 29.Ra3 Nxf3+
30.Bxf3 Rcb8 31.Ra2 Rb3 32.Rc1  1/2-1/2

[Event "TCh-SRB 1st League"]
[Site "Vrnjacka Banja SRB"]
[Date "2010.08.31"]
[Round "11"]
[White "Pap,M"]
[Black "Pavlovic,MilosM"]
[Result "1/2-1/2"]
[WhiteElo "2509"]
[BlackElo "2483"]

1.e4 c5 2.c3 Nf6 3.e5 Nd5 4.Nf3 Nc6 5.Bc4 Nb6 6.Bb3 c4 7.Bc2 d6 8.exd6 Qxd6
9.O-O Bg4 10.h3 Bh5 11.Re1 Qf6 12.Be4 O-O-O 13.Qe2 Ne5 14.Bxb7+ Kxb7 15.Qxe5 Bxf3
16.Qxf6 gxf6 17.gxf3 Rd3 18.Na3 e5 19.b3 Rg8+ 20.Kf1 Rxf3 21.Re3 Rf5 22.Nxc4 Nxc4
23.bxc4 Bc5 24.d4 exd4 25.cxd4 Bxd4 26.Rb1+ Kc6 27.Re2 Re5 28.Rc2 Rge8 29.Bf4 Re4
30.Rb8 Re1+ 31.Kg2 Rxb8 32.Bxb8 a5 33.Bf4 a4 34.c5 Be5 35.Be3 Rb1 36.Rc4 Kb5
37.Rh4 Rb2 38.a3 Rb3 39.Bc1 Rc3 40.Rb4+ Kc6 41.Be3 Rxa3 42.Rb6+ Kc7 43.Ra6 Kb7
44.Rb6+ Kc7 45.Ra6 Kb7 46.Rb6+ Kc7 47.Ra6  1/2-1/2

[Event "9th Georgiev-Kesarovski Mem"]
[Site "Sunny Beach BUL"]
[Date "2010.09.01"]
[Round "5"]
[White "Galunova,T"]
[Black "Manolov,I"]
[Result "0-1"]
[WhiteElo "1984"]
[BlackElo "2261"]

1.e4 c5 2.c3 Nf6 3.e5 Nd5 4.Nf3 e6 5.d4 cxd4 6.cxd4 Nc6 7.Nc3 Nxc3 8.bxc3 d5
9.Bd3 Be7 10.O-O Bd7 11.Rb1 b6 12.Qc2 h6 13.Qe2 Rc8 14.Nd2 Na5 15.Bb2 h5
16.f4 g6 17.h3 h4 18.Qg4 Kf8 19.Nf3 Kg7 20.Ng5 Rh6 21.Bc1 Bxg5 22.fxg5 Rh7
23.Bd2 Nc4 24.Bxc4 dxc4 25.Qf4 Kg8 26.Be1 Bc6 27.Bxh4 Qd5 28.Rf2 Qe4 29.Rbf1 b5
30.a3 Rc7 31.Qf6 Rd7 32.Rf4 Qxg2+  0-1

[Event "9th Georgiev-Kesarovski Mem"]
[Site "Sunny Beach BUL"]
[Date "2010.09.01"]
[Round "5"]
[White "Hadzimanolis,A"]
[Black "Ni,V"]
[Result "1-0"]
[WhiteElo "2341"]
[BlackElo "2199"]

1.e4 c5 2.c3 Nf6 3.e5 Nd5 4.d4 cxd4 5.cxd4 d6 6.Nf3 e6 7.Bc4 Nb6 8.Bb3 Bd7
9.O-O Bc6 10.Nc3 Be7 11.Bf4 O-O 12.Re1 dxe5 13.Nxe5 N8d7 14.Nxc6 bxc6 15.Qe2 Nd5
16.Nxd5 cxd5 17.Bxd5 Bb4 18.Bxa8 Bxe1 19.Bd6 Qxa8 20.Bxf8 Ba5 21.Qb5  1-0

[Event "17th IM"]
[Site "Graz AUT"]
[Date "2010.09.02"]
[Round "6"]
[White "Zelbel,P"]
[Black "Gruskovnjak,T"]
[Result "1-0"]
[WhiteElo "2348"]
[BlackElo "2363"]

1.e4 c5 2.c3 Nf6 3.e5 Nd5 4.d4 cxd4 5.Qxd4 e6 6.Nf3 Nc6 7.Qe4 f5 8.Qe2 Qc7
9.g3 d6 10.exd6 Bxd6 11.Bg2 O-O 12.O-O Nf6 13.Nd4 Nxd4 14.cxd4 Bd7 15.Na3 Bxa3
16.bxa3 Nd5 17.Bxd5 exd5 18.Bf4 Qd8 19.Rab1 Bc6 20.Be5 Qe7 21.Qd3 Rae8 22.f4 Qd7
23.h3 Rc8 24.Rf2 Ba4 25.g4 b6 26.Rg2 g6 27.Re1 Rc6 28.Kh2 Rfc8 29.Ree2 Rc3
30.Qb1 fxg4 31.hxg4 Qe7 32.Qe1 Qxa3 33.Qh4 Qf8 34.f5 Bc2 35.Ref2 g5 36.Qxg5+ Kf7
37.Qf6+ Ke8 38.Qe6+ Qe7 39.Bd6  1-0

[Event "ch-RUS Higher League"]
[Site "Irkutsk RUS"]
[Date "2010.09.02"]
[Round "7"]
[White "Deviatkin,A"]
[Black "Najer,E"]
[Result "1/2-1/2"]
[WhiteElo "2570"]
[BlackElo "2672"]

1.e4 c5 2.c3 Nf6 3.e5 Nd5 4.g3 Nc6 5.Nf3 b6 6.Bg2 Ba6 7.d3 g6 8.O-O Bg7 9.Re1 O-O
10.d4 cxd4 11.Nxd4 e6 12.Nxc6 dxc6 13.Qa4 Qc8 14.Nd2 Rd8 15.Nf3 Rd7 16.Qh4 Qf8
17.Ng5 h6 18.Ne4 g5 19.Qh5 Bxe5 20.Nxg5 Bg7 21.Nf3 Rd6 22.Ne5 f5 23.c4 Nf6
24.Qh4 Ne4 25.Bf4 Rd4 26.b3 Bb7 27.Bxe4 fxe4 28.Ng4 Kh7 29.Rad1 c5 30.Be3 Rad8
31.Rc1 R8d7 32.h3 Rd3 33.Rc2 Rf7 34.Rce2 Rf5 35.Bc1 Rdf3 36.Bb2 Bd4 37.Bxd4 cxd4
38.Rxe4 Bxe4 39.Rxe4 Rxf2 40.Nxf2 Rxf2 41.Rf4 Rxf4 42.Qxf4 Qxf4 43.gxf4 Kg6
44.b4 Kf6 45.Kf2 e5 46.fxe5+ Kxe5 47.Ke2 Ke4 48.Kd2 d3 49.c5 bxc5 50.bxc5 Kd5
51.Kxd3 Kxc5 52.Kc3  1/2-1/2

[Event "7th Malaysia Open"]
[Site "Kuala Lumpur MAS"]
[Date "2010.09.02"]
[Round "3"]
[White "Smerdon,D"]
[Black "Suvrajit,S"]
[Result "1-0"]
[WhiteElo "2526"]
[BlackElo "2378"]

1.e4 c5 2.c3 Nf6 3.e5 Nd5 4.d4 cxd4 5.Nf3 Nc6 6.cxd4 d6 7.Bc4 e6 8.Qe2 dxe5
9.dxe5 Be7 10.O-O O-O 11.Nc3 Nxc3 12.bxc3 Qa5 13.Rb1 Rd8 14.Qe4 g6 15.Re1 Qxc3
16.Bh6 Nd4 17.Rec1 Nxf3+ 18.gxf3 Qd4 19.Qxd4 Rxd4 20.Be3 Rd8 21.Bb5 a6 22.Rc7 Bf8
23.Bg5 Rd5 24.Be8 Bg7 25.Rbc1 Bxe5 26.Bxf7+ Kh8 27.Rxc8+ Rxc8 28.Rxc8+ Kg7
29.Bxe6 Bxh2+ 30.Kxh2 Rxg5 31.Rc7+ Kf6 32.Bb3 Rb5 33.Rxh7 Kg5 34.Kg3 Rb4
35.f4+ Rxf4 36.Rxb7  1-0

[Event "9th Georgiev-Kesarovski Mem"]
[Site "Sunny Beach BUL"]
[Date "2010.09.02"]
[Round "6"]
[White "Danov,Lyubomir"]
[Black "Ljangov,P"]
[Result "1-0"]
[WhiteElo "1941"]
[BlackElo "2103"]

1.e4 c5 2.c3 Nf6 3.e5 Nd5 4.d4 cxd4 5.Nf3 Nc6 6.cxd4 d6 7.Bc4 Nb6 8.Bb5 Bd7
9.exd6 e6 10.O-O Bxd6 11.Nc3 Nb4 12.Ne5 Bxb5 13.Nxb5 Bxe5 14.dxe5 Qxd1 15.Rxd1 O-O
16.Nd6 Rab8 17.Bd2 N4d5 18.a4 Nc8 19.Ne4 Nce7 20.g3 Rfc8 21.Rac1 Rxc1 22.Rxc1 Rc8
23.Rxc8+ Nxc8 24.a5 Kf8 25.Kf1 Ke8 26.h4 h6 27.g4 Nde7 28.f4 Kd7 29.Ke2 Kc6
30.Kd3 Nd5 31.f5 Nce7 32.Nd6 exf5 33.Nxf5 f6 34.Ke4 b6  1-0

[Event "9th Georgiev-Kesarovski Mem"]
[Site "Sunny Beach BUL"]
[Date "2010.09.03"]
[Round "7"]
[White "Nikolov,J"]
[Black "Spassov,L"]
[Result "1/2-1/2"]
[WhiteElo "2097"]
[BlackElo "2376"]

1.e4 c5 2.c3 Nf6 3.e5 Nd5 4.Nf3 e6 5.d4 cxd4 6.cxd4 d6 7.Bc4 Nb6 8.Bb3 dxe5
9.dxe5 Qxd1+ 10.Bxd1 Bd7 11.O-O Na6 12.Be2 Nd5 13.Bd2 Nc5 14.Nd4 a6 15.a3 Be7
16.b4 Na4 17.Ra2 Rc8 18.Rc2 Rxc2 19.Nxc2 O-O 20.Bf3 Bb5 21.Rc1 Rd8 22.Ne3 Bc6
23.Nxd5 Bxd5 24.Bxd5 Rxd5 25.Rc8+ Bd8 26.Kf1 h6 27.f4 Kh7 28.Ke2 g5 29.g3 gxf4
30.gxf4 Kg6 31.Be3 Rd7 32.Nd2 Bb6 33.Ne4 Rd8 34.Rc1 Bxe3 35.Kxe3 Nb6 36.Nd6 Rd7
37.Rg1+ Kh7 38.Ne4 Nd5+ 39.Kf3 Rc7 40.Rd1 Rc2 41.h4 Ra2 42.Rd3 b6 43.h5 Kg7
44.Rb3 Rh2 45.Ng3 f5 46.Rd3 Kf7 47.Nxf5 Rxh5 48.Ng3 Rh4 49.f5 Rf4+ 50.Ke2 Rg4
51.Kf3 Rf4+ 52.Ke2 Rg4 53.Kf3  1/2-1/2

[Event "6th ch-EU"]
[Site "Arvier ITA"]
[Date "2010.09.04"]
[Round "1"]
[White "Batoni,Fabrizio"]
[Black "Caprio,G"]
[Result "1/2-1/2"]
[WhiteElo "1910"]
[BlackElo "2265"]

1.e4 c5 2.c3 Nf6 3.e5 Nd5 4.Nf3 Nc6 5.Bc4 Nb6 6.Bb3 c4 7.Bc2 Qc7 8.Qe2 g5
9.h3 Bg7 10.d4 cxd3 11.Bxd3 h6 12.Na3 Nxe5 13.Nxe5 Qxe5 14.Be3 Nd5 15.O-O Nxe3
16.fxe3 d6 17.Bb5+ Kf8 18.Qf3 Bf6 19.Rad1 h5 20.Rd5 g4 21.Qxf6 exf6 22.Rxe5 dxe5
23.hxg4 hxg4 24.Rxf6 Kg7 25.Rf1 f5 26.Nc4 Kf6 27.Nd6  1/2-1/2

[Event "17th WGM"]
[Site "Graz AUT"]
[Date "2010.09.05"]
[Round "9"]
[White "Exler,V"]
[Black "Pertlova,S"]
[Result "1/2-1/2"]
[WhiteElo "2143"]
[BlackElo "2206"]

1.e4 c5 2.c3 Nf6 3.e5 Nd5 4.d4 cxd4 5.Nf3 e6 6.cxd4 d6 7.Bc4 Nc6 8.O-O Nb6
9.Bb3 Be7 10.Nc3 O-O 11.exd6 Bxd6  1/2-1/2

[Event "17th Open A"]
[Site "Graz AUT"]
[Date "2010.09.05"]
[Round "9"]
[White "Rabiega,R"]
[Black "Mohr,G"]
[Result "1/2-1/2"]
[WhiteElo "2508"]
[BlackElo "2511"]

1.e4 c5 2.c3 Nf6 3.e5 Nd5 4.Nf3 Nc6 5.d4 cxd4 6.Bc4 Nb6 7.Bb3 d6 8.exd6 Qxd6
9.O-O Be6 10.Na3 Bxb3 11.Qxb3 e6 12.Nb5 Qd7 13.Nbxd4 Nxd4 14.Nxd4 Be7 15.Rd1 O-O
16.Nf5 Qc7 17.Nxe7+ Qxe7 18.Be3 Nd5 19.c4 Nxe3 20.Qxe3 b6  1/2-1/2

[Event "7th LGA Premium Cup"]
[Site "Nuremberg GER"]
[Date "2010.09.05"]
[Round "6"]
[White "Levushkina,E"]
[Black "Duenzel,J"]
[Result "1-0"]
[WhiteElo "2346"]
[BlackElo "2117"]

1.e4 c5 2.c3 Nf6 3.e5 Nd5 4.Nf3 d6 5.exd6 Qxd6 6.d4 e6 7.Bc4 Nb6 8.Bd3 Nc6
9.O-O cxd4 10.cxd4 Be7 11.Nc3 a6 12.a3 Nd5 13.Re1 Nxc3 14.bxc3 b5 15.Rb1 Bd7
16.c4 bxc4 17.Bxc4 O-O 18.Rb6 Qc7 19.Rxa6 Rxa6 20.Bxa6 Qa7 21.Bd3 g6 22.Bb5 Bxa3
23.d5 Nb8 24.Bxd7 Nxd7 25.dxe6 Nf6 26.exf7+ Rxf7 27.Ng5 Rb7 28.Qd8+ Kg7 29.Ne6+ Kf7
30.Bh6 Rb5 31.Ng5+ Rxg5 32.Bxg5 Be7 33.Qxe7+ Qxe7 34.Rxe7+ Kxe7 35.h4 Ke6
36.Bxf6 Kxf6 37.Kh2 Kf5 38.Kg3 h5 39.Kf3 Ke5 40.g4 hxg4+ 41.Kxg4 Kf6 42.Kf4 Kg7
43.Kg5 Kh7 44.h5 gxh5 45.Kxh5 Kg7 46.Kg5 Kf7 47.Kf5 Ke7 48.Kg6 Ke6 49.f4 Ke7
50.f5  1-0

[Event "FSIMB September"]
[Site "Budapest HUN"]
[Date "2010.09.06"]
[Round "3"]
[White "Battey,A"]
[Black "Farago,S"]
[Result "0-1"]
[WhiteElo "2157"]
[BlackElo "2272"]

1.e4 c5 2.c3 Nf6 3.e5 Nd5 4.d4 cxd4 5.Nf3 e6 6.cxd4 Nc6 7.Nc3 d6 8.exd6 Bxd6
9.Bd3 Nf4 10.Bxf4 Bxf4 11.Qe2 Nxd4 12.Nxd4 Qxd4 13.Rd1 Qe5 14.Bb5+ Ke7 15.Nd5+ exd5  0-1

[Event "11th WUCC Women"]
[Site "Zuerich SUI"]
[Date "2010.09.07"]
[Round "4"]
[White "Tsereteli,T"]
[Black "Munguntuul,B"]
[Result "1/2-1/2"]
[WhiteElo "2384"]
[BlackElo "2412"]

1.e4 c5 2.c3 Nf6 3.e5 Nd5 4.d4 cxd4 5.Nf3 Nc6 6.cxd4 d6 7.Bc4 Nb6 8.Bb3 dxe5
9.Nxe5 Nxe5 10.dxe5 Qxd1+ 11.Kxd1 Bd7 12.Nc3 Bc6 13.f3 e6 14.Ke2 Nd7 15.Bf4 g5
16.Bg3 Bg7 17.Ne4 Bxe5 18.Nxg5 Bxb2 19.Rab1 Be5 20.Bc2 Rc8 21.Bd3 h6 22.Ne4 Ke7
23.Be1 Kd8 24.Bb4 Kc7 25.Rbc1 a6 26.g3 f5 27.Nd2 Kb8 28.Nc4 Bc7 29.Rhd1 Ne5
30.Nxe5 Bxe5 31.Bc5 h5 32.f4 Bf6 33.h4 Ka8 34.Be3 Rce8 35.Kf2 Re7 36.Bxa6 e5
37.Be2 exf4 38.Bxf4 Be5 39.Bxe5 Rxe5 40.Bf3  1/2-1/2